[Event "Mexican op 68th"]
[Site "Mexico City"]
[Date "2023.04.04"]
[Round "1"]
[White "Mareco, Sandro"]
[Black "Ruiz Gonzalez, Guillermo"]
[Result "1-0"]
[WhiteElo "2624"]
[BlackElo "1969"]
[PlyCount "105"]
[EventDate "2023.04.04"]
[EventType "swiss"]
[EventRounds "9"]
[EventCountry "MEX"]
[SourceTitle "CBM 213 Extra"]
[Source "ChessBase"]
[SourceDate "2023.05.31"]
[SourceVersion "1"]
[SourceVersionDate "2023.05.31"]
[SourceQuality "1"]

1. Nf3 d5 2. c4 d4 3. b4 b6 4. e3 dxe3 5. fxe3 e5 6. Nc3 Bb7 7. Qa4+ Bc6 8. Qb3 Bxf3 9. gxf3 Qh4+ 10. Ke2 Nc6 11. Nd5 0-0-0 12. Bb2 Nf6 13. a3 e4 14. Bg2 exf3+ 15. Bxf3 Ne4 16. Raf1 Bd6 17. d3 f5 18. Qc2 Rhe8 19. dxe4 fxe4 20. Bg2 Bxh2 21. Kd1 Ne5 22. Bxe5 Rxe5 23. Kc1 c6 24. Nf4 Kb8 25. Bxe4 Qe7 26. Qxh2 Rxe4 27. Nd5+ Qd6 28. Qxd6+ Rxd6 29. Rf8+ Kb7 30. Rf7+ Kc8 31. Nc3 Rxe3 32. Kc2 Rdd3 33. Nd1 Rh3 34. Rxh3 Rxh3 35. Rxg7 Rxa3 36. Nc3 a5 37. b5 cxb5 38. cxb5 Ra1 39. Nd5 Rh1 40. Nxb6+ Kb8 41. Nc4 Rh5 42. Nd6 Rc5+ 43. Kb3 Rc7 44. Rxc7 Kxc7 45. Nf5 h5 46. Ka4 Kb6 47. Nh4 Kb7 48. Kxa5 Ka7 49. b6+ Kb7 50. Kb5 Kb8 51. Ka6 Ka8 52. Nf5 Kb8 53. Ne7 1-0

[Event "Verano Cup"]
[Site "Tornelo INT"]
[Date "2022.01.27"]
[Round "2"]
[White "Gutierrez Yanez, Carlos"]
[Black "Ruiz Gonzalez, Guillermo"]
[Result "1/2-1/2"]
[WhiteElo "2011"]
[BlackElo "2047"]
[PlyCount "45"]
[EventDate "2022.01.27"]
[EventType "tourn"]
[EventRounds "10"]
[EventCountry "VEN"]
[SourceTitle "EXT 2023"]
[Source "ChessBase"]
[SourceDate "2022.10.05"]
[SourceVersion "1"]
[SourceVersionDate "2022.10.05"]
[SourceQuality "1"]

1. c4 Nf6 2. Nc3 d5 3. cxd5 Nxd5 4. g3 Nxc3 5. bxc3 g6 6. Bg2 Bg7 7. Rb1 c6 8. Nf3 0-0 9. 0-0 b6 10. c4 Bf5 11. d3 Qd7 12. Bb2 Bxb2 13. Rxb2 Bh3 14. Qd2 Bxg2 15. Kxg2 Qe6 16. Qh6 Qf6 17. Rfb1 Nd7 18. Ng5 Qg7 19. Qh3 Rfd8 20. Qh4 c5 21. Nf3 Ne5 22. Qf4 Nxf3 23. Qxf3 1/2-1/2

[Event "Verano Cup"]
[Site "Tornelo INT"]
[Date "2022.01.27"]
[Round "1"]
[White "Ruiz Gonzalez, Guillermo"]
[Black "Gutierrez Yanez, Carlos"]
[Result "1/2-1/2"]
[WhiteElo "2047"]
[BlackElo "2011"]
[PlyCount "97"]
[EventDate "2022.01.27"]
[EventType "tourn"]
[EventRounds "10"]
[EventCountry "VEN"]
[SourceTitle "EXT 2023"]
[Source "ChessBase"]
[SourceDate "2022.10.05"]
[SourceVersion "1"]
[SourceVersionDate "2022.10.05"]
[SourceQuality "1"]

1. e4 e5 2. Nf3 d6 3. Bc4 Nc6 4. Nc3 Be7 5. a3 Nf6 6. d3 a6 7. Nd5 Nxd5 8. exd5 Nb8 9. 0-0 0-0 10. Qe1 Nd7 11. Qd1 Nb8 12. Re1 Nd7 13. d4 Bf6 14. c3 h6 15. Bb3 Re8 16. Qd3 exd4 17. Rxe8+ Qxe8 18. cxd4 Nf8 19. Bd2 Qb5 20. Qc2 Qb6 21. Rc1 Bd8 22. Be3 Bd7 23. Qd2 Bf5 24. g4 Be4 25. h3 Qb5 26. Nh2 Qb6 27. Ba2 Qb5 28. Bc4 Qd7 29. f3 Bg6 30. Bd3 Bxd3 31. Qxd3 Qb5 32. Qf5 Qd7 33. Qe4 Bf6 34. Nf1 Re8 35. Qc2 Bd8 36. a4 a5 37. Qb3 b6 38. Qc4 Nh7 39. Qc6 Nf6 40. g5 Qxc6 41. dxc6 Nd5 42. h4 hxg5 43. Bxg5 Bxg5 44. hxg5 Re2 45. b3 Nf4 46. Kh1 Nd3 47. Rc3 Nf2+ 48. Kg1 Nh3+ 49. Kh1 1/2-1/2

[Event "Verano Cup"]
[Site "Tornelo INT"]
[Date "2022.01.27"]
[Round "4"]
[White "Ruiz Gonzalez, Guillermo"]
[Black "Peralta, Eduardo"]
[Result "0-1"]
[WhiteElo "2047"]
[BlackElo "2218"]
[PlyCount "114"]
[EventDate "2022.01.27"]
[EventType "tourn"]
[EventRounds "10"]
[EventCountry "VEN"]
[SourceTitle "EXT 2023"]
[Source "ChessBase"]
[SourceDate "2022.10.05"]
[SourceVersion "1"]
[SourceVersionDate "2022.10.05"]
[SourceQuality "1"]

1. e4 c5 2. Nc3 Nc6 3. g3 g6 4. Bg2 Bg7 5. d3 Nf6 6. Be3 d6 7. h3 0-0 8. Qd2 Rb8 9. Bh6 b5 10. Bxg7 Kxg7 11. h4 h5 12. Nd5 b4 13. Nxf6 exf6 14. Ne2 Bg4 15. f3 Be6 16. Nf4 Ne5 17. Nxe6+ fxe6 18. f4 Nf7 19. 0-0 a5 20. f5 Qe7 21. fxg6 Ne5 22. Bf3 Kxg6 23. Qe2 Rh8 24. Rf2 Rh6 25. Raf1 Rf8 26. c3 Kh7 27. Bxh5 Kh8 28. d4 cxd4 29. cxd4 Nc6 30. g4 Rg8 31. Kh1 Qg7 32. Qc4 Nd8 33. Qb5 d5 34. exd5 f5 35. dxe6 fxg4 36. Rf5 Nxe6 37. Qe5 Qxe5 38. Rxe5 Nxd4 39. Rxa5 Nf3 40. Kg2 Re6 41. Kg3 Re3 42. Kf4 Rd3 43. Bxg4 Rxg4+ 44. Kxg4 Nh2+ 45. Kg5 Nxf1 46. h5 Rg3+ 47. Kh6 Rg8 48. Ra7 Rb8 49. Rh7+ Kg8 50. Rg7+ Kf8 51. Kh7 Rb5 52. h6 Ne3 53. Kh8 Nf5 54. Rg8+ Kf7 55. h7 Ne7 56. Rg7+ Kf6 57. Rxe7 Rb8+ 0-1

[Event "World op 32nd"]
[Site "Philadelphia"]
[Date "2004.07.05"]
[Round "8"]
[White "Ruiz Gonzalez, Guillermo"]
[Black "Mirabile, Tim"]
[Result "1-0"]
[WhiteElo "2214"]
[BlackElo "2268"]
[PlyCount "61"]
[EventDate "2004.07.01"]
[EventType "swiss"]
[EventRounds "9"]
[EventCountry "USA"]
[SourceTitle "CBM 101 Extra"]
[Source "ChessBase"]
[SourceDate "2004.09.01"]
[SourceVersion "2"]
[SourceVersionDate "2004.09.01"]
[SourceQuality "1"]

1. e4 c5 2. Nc3 e6 3. f4 d5 4. d3 Nf6 5. e5 Nfd7 6. g3 Nc6 7. Nf3 f6 8. exf6 Nxf6 9. Bg2 Bd6 10. 0-0 0-0 11. Kh1 a6 12. d4 b5 13. Be3 Qb6 14. dxc5 Bxc5 15. Bxc5 Qxc5 16. Ne2 Ng4 17. Qe1 Nb4 18. Ned4 e5 19. fxe5 Nxc2 20. Nxc2 Qxc2 21. h3 Nh6 22. Nd4 Qc4 23. Rxf8+ Kxf8 24. Qf2+ Ke7 25. Rf1 Be6 26. Qf4 Kd7 27. Rc1 Qd3 28. Rc6 Bf5 29. Rxh6 gxh6 30. Nxf5 Re8 31. Nd4 1-0

[Event "World op 32nd"]
[Site "Philadelphia"]
[Date "2004.07.04"]
[Round "6"]
[White "Ruiz Gonzalez, Guillermo"]
[Black "Furdzik, Rafal"]
[Result "1/2-1/2"]
[WhiteElo "2297"]
[BlackElo "2200"]
[PlyCount "95"]
[EventDate "2004.07.01"]
[EventType "swiss"]
[EventRounds "9"]
[EventCountry "USA"]
[SourceTitle "CBM 101 Extra"]
[Source "ChessBase"]
[SourceDate "2004.09.01"]
[SourceVersion "2"]
[SourceVersionDate "2004.09.01"]
[SourceQuality "1"]

1. e4 c6 2. d4 d5 3. Nc3 dxe4 4. Nxe4 Bf5 5. Ng3 Bg6 6. Nf3 Nd7 7. h4 h6 8. Bd3 Bxd3 9. Qxd3 e6 10. Bd2 Ngf6 11. 0-0-0 Be7 12. Kb1 0-0 13. Ne4 c5 14. Rdg1 cxd4 15. Qxd4 Nxe4 16. Qxe4 Nc5 17. Qe2 Qb6 18. Be3 Bf6 19. c3 Qc6 20. Bxc5 Qxc5 21. g4 Rad8 22. g5 Qf5+ 23. Ka1 Rd3 24. Rg3 Be7 25. Nd4 Qd5 26. Rxd3 Qxh1+ 27. Rd1 Qxh4 28. Nxe6 Re8 29. Nc7 Rd8 30. gxh6 Qxh6 31. Nd5 Bc5 32. a3 Kf8 33. f4 Qh3 34. Qd3 Qxd3 35. Rxd3 b5 36. Kb1 f6 37. Kc2 Kf7 38. Nc7 Rxd3 39. Kxd3 Bd6 40. Nxb5 Bxf4 41. Nxa7 Ke6 42. a4 g5 43. a5 Kd6 44. Ke4 Bc1 45. b3 Kc7 46. Nb5+ Kb7 47. Kf5 Ka6 48. Nd6 1/2-1/2

[Event "World op 32nd"]
[Site "Philadelphia"]
[Date "2004.07.03"]
[Round "5"]
[White "Ginsburg, Mark"]
[Black "Ruiz Gonzalez, Guillermo"]
[Result "1-0"]
[WhiteElo "2364"]
[BlackElo "2214"]
[PlyCount "57"]
[EventDate "2004.07.01"]
[EventType "swiss"]
[EventRounds "9"]
[EventCountry "USA"]
[SourceTitle "CBM 101 Extra"]
[Source "ChessBase"]
[SourceDate "2004.09.01"]
[SourceVersion "2"]
[SourceVersionDate "2004.09.01"]
[SourceQuality "1"]

1. c4 c6 2. d4 d5 3. Nc3 Nf6 4. e3 e6 5. Nf3 Nbd7 6. a3 a5 7. Bd3 b6 8. 0-0 Bd6 9. e4 dxe4 10. Nxe4 Nxe4 11. Bxe4 Bb7 12. Qc2 h6 13. Re1 0-0 14. Ne5 Bxe5 15. dxe5 Qc7 16. Bf4 f6 17. Rad1 Nxe5 18. c5 Rad8 19. Qb3 bxc5 20. Qxe6+ Qf7 21. Qf5 g6 22. Qh3 h5 23. Qc3 c4 24. Bxe5 fxe5 25. f3 c5 26. Bxb7 Qxb7 27. Qxc4+ Kh7 28. Qxc5 Qxb2 29. Rxd8 1-0

[Event "North American op"]
[Site "Las Vegas"]
[Date "2003.12.26"]
[Round "1"]
[White "Ruiz Gonzalez, Guillermo"]
[Black "Kiriakov, Petr"]
[Result "0-1"]
[WhiteElo "2218"]
[BlackElo "2553"]
[PlyCount "124"]
[EventDate "2003.12.26"]
[EventType "swiss"]
[EventRounds "6"]
[EventCountry "USA"]
[SourceTitle "CBM 098 Extra"]
[Source "ChessBase"]
[SourceDate "2004.03.10"]
[SourceVersion "2"]
[SourceVersionDate "2004.03.10"]
[SourceQuality "1"]

1. e4 e6 2. d4 d5 3. Nd2 a6 4. e5 Bd7 5. Ngf3 Bb5 6. Be2 Ne7 7. 0-0 Nf5 8. Re1 Bxe2 9. Rxe2 c5 10. dxc5 Bxc5 11. Nb3 Bb6 12. Nbd4 Nxd4 13. Nxd4 Nc6 14. c3 Bxd4 15. cxd4 Qb6 16. Be3 0-0 17. Rc1 Rfc8 18. Rec2 Ne7 19. Rxc8+ Rxc8 20. Rxc8+ Nxc8 21. Qc2 Ne7 22. Kf1 Nc6 23. Qc3 Qb5+ 24. Ke1 Qa4 25. a3 h6 26. h4 h5 27. b4 Qb5 28. g3 Qc4 29. Kd2 Ne7 30. Kc2 Nf5 31. Kd2 Kh7 32. Qd3 Qa2+ 33. Kd1 Qa1+ 34. Kd2 Qb2+ 35. Kd1 Kg8 36. Ke1 Ne7 37. Bd2 Nc6 38. Qc3 Qb1+ 39. Ke2 Qa2 40. Kd3 Na7 41. Be3 Nb5 42. Qc8+ Kh7 43. Qxb7 Nxa3 44. Qc7 Kg6 45. Qc3 Nc4 46. Qc2 Qxc2+ 47. Kxc2 Nxe3+ 48. fxe3 Kf5 49. Kb3 Kg4 50. Ka4 Kxg3 51. Ka5 g5 52. hxg5 h4 53. Kxa6 h3 54. b5 h2 55. b6 h1Q 56. b7 Qa1+ 57. Kb6 Qb2+ 58. Kc7 Qc3+ 59. Kd7 Qb4 60. Kc7 Qe7+ 61. Kc8 Qxg5 62. Kc7 Qe7+ 0-1

[Event "Budapest FS09 IM-B"]
[Site "Budapest"]
[Date "1999.09.14"]
[Round "11"]
[White "Ruiz Gonzalez, Guillermo"]
[Black "Krutti, Valer"]
[Result "0-1"]
[WhiteElo "2309"]
[BlackElo "2357"]
[PlyCount "136"]
[EventDate "1999.09.05"]
[EventType "tourn"]
[EventRounds "12"]
[EventCountry "HUN"]
[EventCategory "2"]
[SourceTitle "EXT 2000"]
[Source "ChessBase"]
[SourceDate "1999.11.16"]
[SourceVersion "1"]
[SourceVersionDate "1999.11.16"]
[SourceQuality "1"]

1. e4 c5 2. Nf3 d6 3. d4 cxd4 4. Nxd4 Nf6 5. Nc3 a6 6. Be2 g6 7. Bg5 Bg7 8. 0-0 Qa5 9. Bh4 Nc6 10. Nb3 Qd8 11. a4 Be6 12. f4 0-0 13. Kh1 Rc8 14. Bf3 Nd7 15. Rf2 Nb6 16. f5 Bd7 17. Be2 Ne5 18. a5 Nbc4 19. Nd5 f6 20. Qd4 Bh6 21. h3 Rf7 22. g4 Bb5 23. Rg2 Kh8 24. Be1 Nc6 25. Qf2 N6e5 26. Bc3 Kg8 27. Nd4 Bd7 28. Ne6 Bxe6 29. fxe6 Rf8 30. Qd4 Rc5 31. b3 Nc6 32. Qg1 Ne3 33. Bd2 Nxg2 34. Bxh6 Nh4 35. Bxf8 Kxf8 36. c4 Rxa5 37. Rf1 g5 38. Qe3 Kg7 39. b4 Ra2 40. b5 axb5 41. cxb5 Ne5 42. Rc1 Qa5 43. Kg1 Ra3 44. Rc3 Rxc3 45. Qxc3 Qxc3 46. Nxc3 Nhf3+ 47. Kf2 Nd4 48. Bd1 Nxe6 49. Bb3 Nf4 50. Kg3 e6 51. h4 h6 52. hxg5 hxg5 53. b6 Kf7 54. Nb5 Ke7 55. Nc7 Ne2+ 56. Kf2 Nd4 57. Bd1 Nc4 58. Na8 d5 59. exd5 exd5 60. Ba4 Kd6 61. Be8 Kc5 62. Bf7 Ne5 63. Bh5 Ne6 64. Kg3 d4 65. Be8 d3 66. Ba4 Nf4 67. Bd1 Nd5 68. Nc7 Ne3 0-1

[Event "Budapest FS09 IM-B"]
[Site "Budapest"]
[Date "1999.09.07"]
[Round "4"]
[White "Ruiz Gonzalez, Guillermo"]
[Black "Johannessen, Leif Erlend"]
[Result "1/2-1/2"]
[WhiteElo "2309"]
[BlackElo "2356"]
[PlyCount "43"]
[EventDate "1999.09.05"]
[EventType "tourn"]
[EventRounds "12"]
[EventCountry "HUN"]
[EventCategory "2"]
[SourceTitle "EXT 2000"]
[Source "ChessBase"]
[SourceDate "1999.11.16"]
[SourceVersion "1"]
[SourceVersionDate "1999.11.16"]
[SourceQuality "1"]

1. e4 e6 2. d4 d5 3. Nd2 Nf6 4. e5 Nfd7 5. f4 c5 6. c3 Nc6 7. Ndf3 cxd4 8. cxd4 f5 9. Bd3 Be7 10. Ne2 Nb6 11. 0-0 0-0 12. Kh1 Bd7 13. Rg1 Be8 14. h3 Bg6 15. b3 a5 16. a4 Rc8 17. Bd2 Nb4 18. Bxb4 Bxb4 19. Qb1 Qe7 20. g4 Kh8 21. gxf5 Bxf5 22. Bxf5 1/2-1/2

[Event "Budapest FS09 IM-B"]
[Site "Budapest"]
[Date "1999.09.06"]
[Round "3"]
[White "Jamrich, Gyorgy"]
[Black "Ruiz Gonzalez, Guillermo"]
[Result "1-0"]
[WhiteElo "2189"]
[BlackElo "2309"]
[PlyCount "63"]
[EventDate "1999.09.05"]
[EventType "tourn"]
[EventRounds "12"]
[EventCountry "HUN"]
[EventCategory "2"]
[SourceTitle "EXT 2000"]
[Source "ChessBase"]
[SourceDate "1999.11.16"]
[SourceVersion "1"]
[SourceVersionDate "1999.11.16"]
[SourceQuality "1"]

1. e4 c5 2. Nf3 d6 3. d4 cxd4 4. Nxd4 Nf6 5. Nc3 Nc6 6. Bg5 Bd7 7. Qd2 Nxd4 8. Qxd4 h6 9. Bxf6 gxf6 10. 0-0-0 Qa5 11. Nd5 Rc8 12. Kb1 Qc5 13. Qd2 Bg7 14. f4 f5 15. e5 Be6 16. exd6 exd6 17. c3 Kf8 18. Be2 a5 19. Bf3 b5 20. Rhe1 Rb8 21. a3 h5 22. Re3 Bh6 23. Rd3 Qc4 24. Qe3 b4 25. Qa7 Re8 26. axb4 axb4 27. Nxb4 Qxf4 28. g3 Qe5 29. Qc7 Qc5 30. Qxd6+ Qxd6 31. Rxd6 Bb3 32. Nc2 1-0

[Event "Budapest FS09 IM-B"]
[Site "Budapest"]
[Date "1999.09.05"]
[Round "2"]
[White "Ruiz Gonzalez, Guillermo"]
[Black "Czebe, Attila"]
[Result "0-1"]
[WhiteElo "2309"]
[BlackElo "2414"]
[PlyCount "56"]
[EventDate "1999.09.05"]
[EventType "tourn"]
[EventRounds "12"]
[EventCountry "HUN"]
[EventCategory "2"]
[SourceTitle "EXT 2000"]
[Source "ChessBase"]
[SourceDate "1999.11.16"]
[SourceVersion "1"]
[SourceVersionDate "1999.11.16"]
[SourceQuality "1"]

1. e4 c5 2. Nf3 Nc6 3. d4 cxd4 4. Nxd4 Nf6 5. Nc3 e5 6. Ndb5 d6 7. a4 Bg4 8. f3 Be6 9. Bg5 Rc8 10. Qd2 a6 11. Na3 Nd4 12. Bd3 Qb6 13. Nd1 d5 14. a5 Qb4 15. 0-0 Qxd2 16. Bxd2 dxe4 17. fxe4 Bxa3 18. Rxa3 Nxc2 19. Rc3 Nd4 20. Rxc8+ Bxc8 21. Ne3 Be6 22. Nc4 Bxc4 23. Bxc4 0-0 24. Bb4 Rc8 25. b3 Nc6 26. Bc3 Rd8 27. Rf5 Rd1+ 28. Kf2 Nxe4+ 0-1

[Event "Budapest FS09 IM-B"]
[Site "Budapest"]
[Date "1999.09.04"]
[Round "1"]
[White "Leer Salvesen, Bjarte"]
[Black "Ruiz Gonzalez, Guillermo"]
[Result "1/2-1/2"]
[WhiteElo "2261"]
[BlackElo "2309"]
[PlyCount "103"]
[EventDate "1999.09.05"]
[EventType "tourn"]
[EventRounds "12"]
[EventCountry "HUN"]
[EventCategory "2"]
[SourceTitle "EXT 2000"]
[Source "ChessBase"]
[SourceDate "1999.11.16"]
[SourceVersion "1"]
[SourceVersionDate "1999.11.16"]
[SourceQuality "1"]

1. c4 c6 2. Nf3 d5 3. cxd5 cxd5 4. d4 Nc6 5. Nc3 Nf6 6. Bf4 a6 7. e3 g6 8. Ne5 Bg7 9. Qa4 Bd7 10. Nxd7 Qxd7 11. Bd3 0-0 12. 0-0 b5 13. Qd1 Rfc8 14. h3 e6 15. Rc1 Ne8 16. Qe2 Nd6 17. a4 b4 18. Nb1 a5 19. Ba6 Rcb8 20. Bb5 Rb6 21. Bxd6 Qxd6 22. Nd2 Na7 23. Bd3 Qd7 24. Qd1 Rc6 25. Rxc6 Qxc6 26. Qa1 Rc8 27. Nb3 Qb6 28. Rc1 Rxc1+ 29. Qxc1 Bf8 30. Qc2 Bd6 31. Be2 Kf8 32. Qd3 Ke7 33. Qa6 Qxa6 34. Bxa6 Bc7 35. Kf1 Bb6 36. Ke2 Kd6 37. Kd3 Nc6 38. Bb5 f6 39. Bxc6 Kxc6 40. g4 Kd6 41. f4 e5 42. fxe5+ fxe5 43. dxe5+ Kxe5 44. Nd2 Bd8 45. Nf3+ Kd6 46. b3 Be7 47. e4 Bf6 48. Ke3 Ke6 49. Nd4+ Bxd4+ 50. Kxd4 dxe4 51. Kxe4 g5 52. Kd4 1/2-1/2

[Event "Zuglo Hotel op 2nd"]
[Site "Budapest"]
[Date "1999.08.27"]
[Round "7"]
[White "Ruiz Gonzalez, Guillermo"]
[Black "Tokmachev, Mikhail"]
[Result "1/2-1/2"]
[WhiteElo "2309"]
[BlackElo "2219"]
[PlyCount "56"]
[EventDate "1999.08.21"]
[EventType "swiss"]
[EventRounds "9"]
[EventCountry "HUN"]
[SourceTitle "CBM 071 Extra"]
[Source "ChessBase"]
[SourceDate "1999.09.14"]
[SourceVersion "1"]
[SourceVersionDate "1999.09.14"]
[SourceQuality "1"]

1. e4 c5 2. Nf3 d6 3. d4 cxd4 4. Nxd4 Nf6 5. Nc3 a6 6. Bg5 e6 7. f4 Be7 8. Qf3 Qc7 9. 0-0-0 Nbd7 10. g4 b5 11. Bxf6 Nxf6 12. g5 Nd7 13. Bh3 b4 14. Nce2 Nc5 15. f5 Bxg5+ 16. Kb1 e5 17. Qh5 Bf6 18. Ne6 Nxe6 19. fxe6 0-0 20. Bf5 g6 21. exf7+ Rxf7 22. Qg4 Bg7 23. Bxc8 Rxc8 24. c3 Qd7 25. Qxd7 Rxd7 26. cxb4 Rc4 27. Nc3 Rxb4 28. Rhf1 Rd4 1/2-1/2

[Event "Zuglo Hotel op 2nd"]
[Site "Budapest"]
[Date "1999.08.25"]
[Round "5"]
[White "Ruiz Gonzalez, Guillermo"]
[Black "Bu, Xiangzhi"]
[Result "0-1"]
[WhiteElo "2309"]
[BlackElo "2465"]
[PlyCount "79"]
[EventDate "1999.08.21"]
[EventType "swiss"]
[EventRounds "9"]
[EventCountry "HUN"]
[SourceTitle "CBM 071 Extra"]
[Source "ChessBase"]
[SourceDate "1999.09.14"]
[SourceVersion "1"]
[SourceVersionDate "1999.09.14"]
[SourceQuality "1"]

1. e4 c5 2. Nf3 Nc6 3. d4 cxd4 4. Nxd4 Nf6 5. Nc3 d6 6. Bc4 Qb6 7. Nb3 g6 8. Be3 Qc7 9. Nd5 Nxd5 10. exd5 Ne5 11. Bb5+ Bd7 12. Bxd7+ Qxd7 13. f4 Ng4 14. Bd4 Nf6 15. Bxf6 exf6 16. 0-0 Be7 17. Qd4 0-0 18. f5 Bd8 19. Kh1 Re8 20. Rf3 Qe7 21. Raf1 Qe4 22. fxg6 hxg6 23. c3 f5 24. Qxe4 Rxe4 25. Nd2 Re2 26. R3f2 Re5 27. g4 Bh4 28. Rg2 fxg4 29. Rxg4 Rxd5 30. Nc4 Be7 31. Re4 Bf8 32. Rfe1 Rc5 33. Ne3 Rac8 34. c4 b5 35. cxb5 Rxb5 36. Re2 f5 37. Re6 Kf7 38. Nf1 Rxb2 39. Rxb2 Kxe6 40. Rb7 0-1

[Event "Budapest FS08 IM"]
[Site "Budapest"]
[Date "1999.08.16"]
[Round "10"]
[White "Ruiz Gonzalez, Guillermo"]
[Black "Belichev, Nikolai"]
[Result "1-0"]
[WhiteElo "2309"]
[BlackElo "2387"]
[PlyCount "119"]
[EventDate "1999.08.05"]
[EventType "tourn"]
[EventRounds "13"]
[EventCountry "HUN"]
[EventCategory "3"]
[SourceTitle "CBM 071 Extra"]
[Source "ChessBase"]
[SourceDate "1999.09.14"]
[SourceVersion "1"]
[SourceVersionDate "1999.09.14"]
[SourceQuality "1"]

1. e4 c5 2. Nf3 d6 3. d4 cxd4 4. Nxd4 Nf6 5. Nc3 Nc6 6. Bc4 Qb6 7. Nb3 e6 8. a4 Be7 9. a5 Qc7 10. Be3 0-0 11. Bd3 Ne5 12. f4 Nxd3+ 13. cxd3 Bd7 14. 0-0 b5 15. axb6 axb6 16. Qf3 b5 17. e5 Rxa1 18. Rxa1 dxe5 19. Ra7 Qb8 20. fxe5 Qxe5 21. Bd4 Qd6 22. Qb7 Rb8 23. Ra8 Rxa8 24. Qxa8+ Ne8 25. Ne4 Qb4 26. Ned2 f5 27. Qb7 Qd6 28. Bc5 Qe5 29. Bxe7 Qe3+ 30. Kf1 Qxd3+ 31. Kf2 Kf7 32. Bg5 Nf6 33. Bxf6 Kxf6 34. Qb6 Be8 35. Qd4+ Qxd4+ 36. Nxd4 e5 37. Nc2 e4 38. b4 Ke5 39. Nb1 f4 40. Nc3 Bc6 41. Na3 Kd4 42. Ncxb5+ Kd3 43. Nd6 e3+ 44. Kf1 Kd2 45. Nb1+ Kc2 46. b5 Bd5 47. b6 Kxb1 48. b7 Bxb7 49. Nxb7 Kc2 50. Ke2 Kc3 51. Nc5 h6 52. Ne6 g5 53. h4 gxh4 54. Nxf4 Kd4 55. Kf3 Ke5 56. Ng6+ Kd4 57. Nxh4 Kd3 58. Ng6 h5 59. Nf4+ Kd2 60. g3 1-0

[Event "Budapest FS08 IM"]
[Site "Budapest"]
[Date "1999.08.11"]
[Round "5"]
[White "Dembo, Yelena"]
[Black "Ruiz Gonzalez, Guillermo"]
[Result "1-0"]
[WhiteElo "2244"]
[BlackElo "2309"]
[PlyCount "69"]
[EventDate "1999.08.05"]
[EventType "tourn"]
[EventRounds "13"]
[EventCountry "HUN"]
[EventCategory "3"]
[SourceTitle "CBM 071 Extra"]
[Source "ChessBase"]
[SourceDate "1999.09.14"]
[SourceVersion "1"]
[SourceVersionDate "1999.09.14"]
[SourceQuality "1"]

1. e4 c5 2. Nf3 Nc6 3. Nc3 Nf6 4. d4 cxd4 5. Nxd4 d6 6. Bc4 Qb6 7. Nb3 e6 8. Bf4 Ne5 9. Be2 Be7 10. Be3 Qc7 11. f4 Nc6 12. Qd2 0-0 13. 0-0-0 Rd8 14. Bf3 a6 15. g4 b5 16. g5 Nd7 17. Qf2 Bb7 18. Rhg1 Rac8 19. Kb1 Na5 20. Nxa5 Qxa5 21. Bd4 b4 22. Ne2 Rc7 23. Ng3 Rdc8 24. Rc1 e5 25. Nf5 Bf8 26. fxe5 dxe5 27. Be3 Nc5 28. Qh4 Na4 29. Nh6+ Kh8 30. Nxf7+ Rxf7 31. g6 h6 32. Bxh6 gxh6 33. gxf7 Nc3+ 34. bxc3 bxc3 35. Qf6+ 1-0

[Event "Budapest FS08 IM"]
[Site "Budapest"]
[Date "1999.08.09"]
[Round "3"]
[White "Tuturin, Sergey"]
[Black "Ruiz Gonzalez, Guillermo"]
[Result "0-1"]
[WhiteElo "2268"]
[BlackElo "2309"]
[PlyCount "74"]
[EventDate "1999.08.05"]
[EventType "tourn"]
[EventRounds "13"]
[EventCountry "HUN"]
[EventCategory "3"]
[SourceTitle "CBM 071 Extra"]
[Source "ChessBase"]
[SourceDate "1999.09.14"]
[SourceVersion "1"]
[SourceVersionDate "1999.09.14"]
[SourceQuality "1"]

1. e4 c5 2. Nf3 d6 3. d4 cxd4 4. Nxd4 Nf6 5. Nc3 Nc6 6. Be2 e5 7. Nb3 Be6 8. 0-0 Be7 9. Be3 d5 10. exd5 Bxd5 11. Nxd5 Nxd5 12. Bc4 Nb6 13. Bd3 0-0 14. Qg4 g6 15. Bh6 f5 16. Qh3 Rf7 17. Rfd1 Qc8 18. c4 e4 19. Be2 Ne5 20. c5 Nbd7 21. Rac1 Qe8 22. Rd5 Bf8 23. Bf4 Qe6 24. Rd2 Rc8 25. Nd4 Qxa2 26. b4 Qa4 27. Qc3 a5 28. Bd1 Qxb4 29. Qxb4 axb4 30. c6 bxc6 31. Bb3 Nd3 32. Rxc6 Rxc6 33. Nxc6 N7c5 34. Bc4 Kg7 35. Bxf7 Kxf7 36. Be3 b3 37. Bd4 b2 0-1

[Event "San Salvador zt"]
[Site "San Salvador"]
[Date "1998.11.09"]
[Round "4"]
[White "Murillo Tsijli, Alexis"]
[Black "Ruiz Gonzalez, Guillermo"]
[Result "1/2-1/2"]
[WhiteElo "2420"]
[BlackElo "2310"]
[PlyCount "148"]
[EventDate "1998.11.05"]
[EventType "swiss"]
[EventRounds "9"]
[EventCountry "ESA"]
[SourceTitle "CBM 067 Extra"]
[Source "ChessBase"]
[SourceDate "1999.01.01"]
[SourceVersion "1"]
[SourceVersionDate "1999.01.01"]
[SourceQuality "1"]

1. e4 c5 2. Nf3 d6 3. d4 cxd4 4. Nxd4 Nf6 5. Nc3 Nc6 6. Bc4 Qb6 7. Ndb5 a6 8. Be3 Qa5 9. Nd4 e6 10. 0-0 Be7 11. Bb3 0-0 12. f4 Bd7 13. Kh1 Nxd4 14. Bxd4 Bc6 15. Qd3 b5 16. a3 Rfd8 17. e5 Ne8 18. Qe3 Rab8 19. f5 dxe5 20. Bxe5 Rb7 21. fxe6 f6 22. Bg3 Nd6 23. Bxd6 Rxd6 24. Rad1 Rxd1 25. Rxd1 g6 26. Bd5 Qc7 27. Qe4 Rb6 28. Bxc6 Qxc6 29. Nd5 Kg7 30. Re1 Rb7 31. c3 Ra7 32. Re3 a5 33. Rh3 Qc5 34. Re3 Ra6 35. Re1 Ra7 36. h3 Qf2 37. Nxe7 Rxe7 38. b3 Qc5 39. a4 bxa4 40. bxa4 Qxc3 41. Kh2 Qb4 42. Qxb4 axb4 43. Re4 f5 44. Rxb4 Rxe6 45. Rb7+ Kf6 46. Rxh7 Re4 47. Ra7 Kg5 48. a5 Ra4 49. a6 Ra3 50. Ra8 Kf4 51. h4 Ra2 52. a7 Ra1 53. Rg8 Rxa7 54. Rxg6 Ke5 55. Kh3 Ra3+ 56. Rg3 Ra1 57. Rb3 Rh1+ 58. Kg3 Kf6 59. Rb4 Kg6 60. Rb8 Kg7 61. Ra8 Kg6 62. Ra6+ Kg7 63. Ra4 Kg6 64. Kf2 Rb1 65. g3 Rb3 66. Ra6+ Kg7 67. h5 Rc3 68. Kg2 Rb3 69. Rg6+ Kf7 70. Rc6 Kg7 71. Kh2 Ra3 72. Rc5 Kf6 73. Rc6+ Kg5 74. h6 Ra7 1/2-1/2

[Event "Malgrat del Mar op"]
[Site "Malgrat del Mar"]
[Date "1998.??.??"]
[Round "?"]
[White "Garriga Nualart, Josep"]
[Black "Ruiz Gonzalez, Guillermo"]
[Result "1-0"]
[WhiteElo "2340"]
[BlackElo "2310"]
[PlyCount "73"]
[EventDate "1998.??.??"]
[EventType "swiss"]
[EventRounds "9"]
[EventCountry "ESP"]
[SourceTitle "EXT 2003"]
[Source "ChessBase"]
[SourceDate "2002.11.25"]
[SourceVersion "1"]
[SourceVersionDate "2002.11.25"]
[SourceQuality "1"]

1. e4 e6 2. b3 b6 3. Bb2 Bb7 4. d3 Nf6 5. Nd2 d6 6. g3 Nbd7 7. Bg2 e5 8. Ne2 Be7 9. h3 Nc5 10. f4 exf4 11. Nxf4 0-0 12. Qe2 Re8 13. g4 Nd5 14. Nxd5 Bxd5 15. 0-0-0 Bf6 16. d4 Nb7 17. Qb5 Bxe4 18. Nxe4 Be7 19. h4 Rb8 20. Ng5 a6 21. Qf5 Bxg5+ 22. hxg5 g6 23. Qf6 Qxf6 24. gxf6 d5 25. Rh2 Re2 26. Rdh1 Rbe8 27. Bxd5 Nd6 28. Rxe2 Rxe2 29. Kd1 Re3 30. Re1 Rg3 31. Re7 Rxg4 32. Bxf7+ Kh8 33. Ba3 Rxd4+ 34. Kc1 c5 35. Bb2 Rf4 36. Bc4 Nxc4 37. Re8# 1-0